| 000 | 01121nam a2200289 i 4500 | ||
|---|---|---|---|
| 001 | bg | ||
| 245 | 0 | 0 |
_aEkonomiczne i organizacyjne aspekty rozwoju turystyki / _cpod red. Jana Krupy i Tomasza Solińskiego ; Wyższa Szkoła Informatyki i Zarządzania z siedzibą w Rzeszowie. |
| 260 |
_aRzeszów : _bWydaw. WSIiZ, _c2004. |
||
| 300 |
_a214 s. : _bil., mapy, rys., tab., wykr. ; _c24 cm. |
||
| 490 | 1 | _aSpołeczeństwo, Informatyka, Gospodarka | |
| 504 | _aBibliogr. przy pracach. | ||
| 650 | 9 |
_aTurystyka _zPolska _yod 1989 r. |
|
| 655 | _aPodręczniki akademickie | ||
| 700 | 1 |
_aKRUPA, Jan. _eRed. |
|
| 700 | 1 |
_aSOLIŃSKI, Tomasz _d(1975- ). _eRed. |
|
| 710 | 0 | _aWyższa Szkoła Informatyki i Zarządzania (Rzeszów) | |
| 830 | _aSpołeczeństwo, Informatyka, Gospodarka | ||
| 015 | _aPB 20662/2004 | ||
| 020 | _a838765860X | ||
| 040 | _cBPK | ||
| 041 | 0 | _apol | |
| 080 | _a338.48:379.85](438)"1989/..."(075.8) | ||
| 920 | _a83-87658-60-X | ||
| 942 | _cKS | ||
| 008 | s pl f |000 0 pol | ||
| 999 |
_c46150 _d46150 |
||
| 856 |
_uhttp://koha.tu.koszalin.pl/cgi-bin/koha/opac-detail.pl?biblionumber=46150 _yKatalog online BPK |
||